Principale ville/village de Corse - Map Quiz - Statistiques

Statistiques générales
  • Ce quiz a été pris 14 fois
  • Le résultat moyen est 19 sur 26
Réponses sur la Carte
Les réponses sont colorées sur une échelle allant du rouge au vert en fonction du pourcentage des utilisateurs qui les ont devinées à leur premier essai. Vous pouvez retrouver ces pourcentages ci-dessous.
 
Statistiques - réponses
Réponse % Correct
Ajaccio
100%
Bonifacio
100%
Corte
100%
Ghisonaccia
100%
Aléria
83%
Biguglia
83%
Calvi
83%
L'île Rousse
83%
Piana
83%
Porto-Vecchio
83%
Propriano
83%
Saint-Florent
83%
Afa
67%
Alata
67%
Bastelicaccia
67%
Bastia
67%
Borgo
67%
Porticcio (Grosseto-Prugna)
67%
Sarrola-Carcopino
67%
Sartène
67%
Penta-di-Casinca
50%
Prunelli-di-Fiumorbo
50%
Vescovato
50%
Ville-di-Pietrabugno
50%
Lucciana
33%
Furiani
17%
Aucun quiz correspondant
Distribution des résultats
% des personnes avec chaque résultat
Percentile par nombre de réponses
Votre historique - résultats
Vous n’avez pas pris ce quiz